Reptiles and amphibians from the Solomon Islands /

Bibliographic Details
Main Author: Schmidt, Karl Patterson, 1890-1957
Corporate Author: Crane Pacific Expedition of Field Museum of Natural History
Format: Conference Proceeding Book
Language:English
Published: Chicago, [publisher not identified] ; 1932.
Series:Publication (Field Museum of Natural History) ; 311.
Fieldiana. Zoology ; v. 18, no. 9.
Subjects:

MARC

Tag First Indicator Second Indicator Subfields
LEADER 00000cam a2200000 4500
001 in00000237456
005 20151010050807.0
008 750311s1932 ilu 00010 eng d
010 |a cd 35000087  
035 |a (OCoLC)01209602 
035 |9 ABB2219AM 
040 |c BBH  |d TXA  |d UtOrBLW 
049 |a TXAM  |c [143791] 
090 |a QL1  |b .F4 v. 18, no. 9 
100 1 |a Schmidt, Karl Patterson,  |d 1890-1957. 
245 1 0 |a Reptiles and amphibians from the Solomon Islands /  |c by Karl P. Schmidt. Reports on results of the Crane Pacific expedition. 
264 1 |a Chicago,  |b [publisher not identified] ;  |c 1932. 
300 |a 175-190 pages :  |b frontispiece ;  |c 24 cm. 
336 |a text  |b txt  |2 rdacontent 
337 |a unmediated  |b n  |2 rdamedia 
338 |a volume  |b nc  |2 rdacarrier 
490 1 |a Fieldiana : Zoology,  |v vol. 18, no. 9 
490 1 |a Field Museum of natural history. Publication 311 
504 |a "References": pages 189-190. 
650 0 |a Reptiles  |z Solomon Islands. 
650 0 |a Amphibians  |z Solomon Islands. 
711 2 |a Crane Pacific Expedition of Field Museum of Natural History  |d (1928-1929) 
830 0 |a Publication (Field Museum of Natural History) ;  |v 311. 
830 0 |a Fieldiana.  |p Zoology ;  |v v. 18, no. 9. 
999 |a MARS 
999 f f |s 3b090b88-b449-3ba5-870c-086f771dce38  |i 0b335f13-d929-3347-88c2-2be07bdb11fd  |t 0 
952 f f |p normal  |a Texas A&M University  |b College Station  |c Sterling C. Evans Library  |d Evans: Library Stacks  |t 0  |e QL1 .F4 v. 18, no. 1-12  |h Library of Congress classification  |i unmediated -- volume  |m A14804915385 
952 f f |a Texas A&M University  |b College Station  |c Sterling C. Evans Library  |d Evans: Library Stacks  |t 0  |e QL1 .F4 v. 18, no. 1-12  |h Library of Congress classification 
998 f f |a QL1 .F4 v. 18, no. 1-12  |t 0  |l Evans: Library Stacks